|
|
|
|
| LEADER |
02037nam a2200481 i 4500 |
| 001 |
EBC4717147 |
| 003 |
MiAaPQ |
| 005 |
20200520144314.0 |
| 006 |
m o d | |
| 007 |
cr cnu|||||||| |
| 008 |
161102t20162016enk ob 001 0 eng d |
| 020 |
|
|
|z 9781786354525
|
| 020 |
|
|
|a 9781786354518 (e-book)
|
| 035 |
|
|
|a (MiAaPQ)EBC4717147
|
| 035 |
|
|
|a (Au-PeEL)EBL4717147
|
| 035 |
|
|
|a (CaPaEBR)ebr11285385
|
| 035 |
|
|
|a (CaONFJC)MIL967677
|
| 035 |
|
|
|a (OCoLC)961453184
|
| 040 |
|
|
|a MiAaPQ
|b eng
|e rda
|e pn
|c MiAaPQ
|d MiAaPQ
|
| 043 |
|
|
|a d------
|
| 050 |
|
4 |
|a HD61
|b .R575 2016
|
| 082 |
0 |
|
|a 658.155
|2 23
|
| 245 |
0 |
0 |
|a Risk management in emerging markets :
|b issues, framework, and modeling /
|c edited by Sabri Boubaker, Bonnie Buchanan, Duc Khuong Nguyen.
|
| 250 |
|
|
|a First edition.
|
| 264 |
|
1 |
|a Bingley, England :
|b Emerald,
|c 2016.
|
| 264 |
|
4 |
|c 2016
|
| 300 |
|
|
|a 1 online resource (746 pages)
|
| 336 |
|
|
|a text
|2 rdacontent
|
| 337 |
|
|
|a computer
|2 rdamedia
|
| 338 |
|
|
|a online resource
|2 rdacarrier
|
| 504 |
|
|
|a Includes bibliographical references at the end of each chapters and index.
|
| 588 |
|
|
|a Description based on online resource; title from PDF title page (ebrary, viewed November 2, 2016).
|
| 590 |
|
|
|a Electronic reproduction. Ann Arbor, MI : ProQuest, 2016. Available via World Wide Web. Access may be limited to ProQuest affiliated libraries.
|
| 650 |
|
0 |
|a Financial risk management
|z Developing countries.
|
| 651 |
|
0 |
|a Developing countries
|x Economic policy.
|
| 651 |
|
0 |
|a Developing countries
|x Economic conditions.
|
| 655 |
|
4 |
|a Electronic books.
|
| 700 |
1 |
|
|a Boubaker, Sabri,
|e editor.
|
| 700 |
1 |
|
|a Buchanan, Bonnie,
|e editor.
|
| 700 |
1 |
|
|a Nguyen, uc Khuong,
|e editor.
|
| 776 |
0 |
8 |
|i Print version:
|t Risk management in emerging markets : issues, framework, and modeling.
|b First edition.
|d Bingley, England : Emerald, c2016
|h xl, 705 pages
|z 9781786354525
|
| 797 |
2 |
|
|a ProQuest (Firm)
|
| 856 |
4 |
0 |
|u https://ebookcentral.proquest.com/lib/matrademy/detail.action?docID=4717147
|z Click to View
|